Torture by governments : a seven part educational guide for high schools.

Bibliographic Details
Corporate Author: Amnesty International USA
Format: Book
Language:English
Published: [Sacramento, Calif.?] : Amnesty International U.S.A., [1984]
Subjects:

MARC

Tag First Indicator Second Indicator Subfields
LEADER 00000cam a2200000 a 4500
001 in00000927770
005 20150925102511.0
008 850925s1984 caua b 00000 eng d
020 |c $3.95 
035 |a (OCoLC)12598447 
035 |9 AER7998AM 
040 |a SPP  |c SPP  |d TXA  |d UtOrBLW 
049 |a TXAM 
090 |a HV8593  |b .T67 1984 
245 0 0 |a Torture by governments :  |b a seven part educational guide for high schools. 
264 1 |a [Sacramento, Calif.?] :  |b Amnesty International U.S.A.,  |c [1984] 
264 4 |c ©1984 
300 |a 75 pages :  |b illustrations, maps ;  |c 28 cm. 
336 |a text  |b txt  |2 rdacontent 
337 |a unmediated  |b n  |2 rdamedia 
338 |a volume  |b nc  |2 rdacarrier 
504 |a Bibliography: page 72. 
650 0 |a Torture. 
710 2 |a Amnesty International USA. 
999 |a MARS 
999 f f |s f45bd175-c1ce-3e79-b59e-4ed116eccc8c  |i 63bc7137-181c-3f0b-a948-20d56acb8559  |t 0 
952 f f |p normal  |a Texas A&M University  |b College Station  |c Sterling C. Evans Library  |d Evans: Library Stacks  |t 0  |e HV8593 .T67 1984  |h Library of Congress classification  |i unmediated -- volume  |m A14814071688 
952 f f |p normal  |a Texas A&M University  |b College Station  |c Sterling C. Evans Library  |d Evans: Library Stacks  |t 0  |e HV8593 .T67 1984  |h Library of Congress classification  |i unmediated -- volume  |m A14814071785 
998 f f |a HV8593 .T67 1984  |t 0  |l Evans: Library Stacks 
998 f f |a HV8593 .T67 1984  |t 0  |l Evans: Library Stacks